Tair e lahoti (Record no. 479890)

000 -LEADER
fixed length control field 00355nam a22001577a 4500
003 - CONTROL NUMBER IDENTIFIER
control field NUST
008 - FIXED-LENGTH DATA ELEMENTS--GENERAL INFORMATION
fixed length control field 151029t xxu||||| |||| 00| 0 eng d
020 ## - INTERNATIONAL STANDARD BOOK NUMBER
International Standard Book Number NA
038 ## - RECORD CONTENT LICENSOR
Staff Name ASAB
082 ## - DEWEY DECIMAL CLASSIFICATION NUMBER
Classification number Fic
100 ## - MAIN ENTRY--PERSONAL NAME
Personal name Rafat siraj
9 (RLIN) 1350
245 ## - TITLE STATEMENT
Title Tair e lahoti
260 ## - PUBLICATION, DISTRIBUTION, ETC.
Place of publication, distribution, etc. Lahore
Name of publisher, distributor, etc. Khazena e elm o adab lahore
Date of publication, distribution, etc. 2005
300 ## - PHYSICAL DESCRIPTION
Extent 824 P
942 ## - ADDED ENTRY ELEMENTS (KOHA)
Source of classification or shelving scheme
Koha item type Book
Holdings
Withdrawn status Lost status Source of classification or shelving scheme Damaged status Not for loan Permanent Location Current Location Date acquired Total Checkouts Full call number Barcode Date last seen Date last checked out Price effective from Koha item type
          Atta-ur-Rahman School of Applied Biosciences (ASAB) Atta-ur-Rahman School of Applied Biosciences (ASAB) 10/29/2015 2 Fic Siraj ASAB2387 06/23/2017 11/18/2016 10/29/2015 Book
          Atta-ur-Rahman School of Applied Biosciences (ASAB) Atta-ur-Rahman School of Applied Biosciences (ASAB) 10/29/2015 3 Fic Siraj ASAB2386 09/08/2016 07/22/2016 10/29/2015 Book
          Atta-ur-Rahman School of Applied Biosciences (ASAB) Atta-ur-Rahman School of Applied Biosciences (ASAB) 10/29/2015 2 Fic Siraj ASAB2384 09/26/2018 11/18/2016 10/29/2015 Book
          Atta-ur-Rahman School of Applied Biosciences (ASAB) Atta-ur-Rahman School of Applied Biosciences (ASAB) 10/29/2015 3 Fic Siraj ASAB2383 09/26/2018 09/26/2017 10/29/2015 Book
          Atta-ur-Rahman School of Applied Biosciences (ASAB) Atta-ur-Rahman School of Applied Biosciences (ASAB) 10/29/2015 2 Fic Siraj ASAB2385 10/22/2024 01/08/2024 10/29/2015 Book
© 2023 Central Library, National University of Sciences and Technology. All Rights Reserved.